Score 0/200 Timer 20:00
2 Plays Today
Frequency Word % Correct
1965a
96.2%
6139the
96.1%
823I
92.1%
125an
84.8%
170go
84.6%
128hobbit
82%
514Bilbo
81.8%
1912he
77.8%
333we
77.6%
2111to
77.1%
179Gandalf
77%
4529and
76.6%
374be
75.8%
308no
74.6%
1478in
73.6%
147do
73.3%
68ring
72.8%
374or
72.3%
778on
71.3%
504is
69.8%
1214it
69%
739for
68.4%
826you
67.9%
2500of
66.2%
139me
65.9%
1359they
65.7%
142mountain
63.5%
321are
60.1%
531there
59.6%
301so
59.5%
273when
58.4%
82dragon
58.1%
744not
57.9%
158where
57.7%
77elves
55.3%
236Thorin
54.6%
296what
54.1%
89Gollum
53%
124can
52.9%
1389was
52.7%
133who
51.6%
296one
51.5%
675at
50.7%
77Smaug
50.6%
700were
50.4%
702as
50%
324if
49.4%
101Baggins
49.1%
526their
49.1%
295dwarves
49.1%
1046that
48.7%
911his
48.7%
205will
47.9%
68how
47.7%
183my
47.5%
264then
47.4%
70gold
46.8%
414from
46.6%
132too
46.6%
439have
46.5%
381could
46.5%
79two
46.4%
542them
46.2%
207your
46%
103under
45.3%
376up
45.2%
662but
44.4%
Frequency Word % Correct
168see
44.1%
247would
44%
166over
42.4%
452him
42.2%
118us
42.1%
141dark
41.7%
277this
41.7%
92day
41.6%
109am
41.5%
670all
40.9%
370out
40.4%
88fire
40.1%
953had
39.7%
585said
39.4%
316down
39.2%
78king
39%
106our
38.3%
97night
38%
87has
37%
169went
37%
657with
36.9%
94water
36.8%
66Balin
35.7%
196did
35.5%
82say
35.4%
84forest
35.3%
100river
35.1%
118ever
34.9%
297by
34.1%
118light
33.6%
71men
33.5%
217time
31.5%
204some
30.8%
174good
30.2%
116here
30%
229like
29.6%
94its
29.6%
208come
29.1%
145than
29%
208been
28.8%
218back
28.7%
247into
28%
152any
27.7%
79saw
27.6%
116never
27.1%
118though
27%
93these
26.9%
139get
26.7%
158off
26.5%
305now
26.2%
189after
26.1%
243more
25.9%
168far
25.6%
65look
24.8%
124don't
24.7%
143got
24.6%
235before
24.5%
96right
24.2%
114through
24.2%
134just
24.1%
101going
24.1%
91trees
24%
113know
23.7%
192again
23.6%
158way
23.5%
124old
23.4%
217about
23%
Frequency Word % Correct
107door
22.5%
94think
22.4%
101left
22.3%
87may
22.3%
67took
22.1%
225long
22%
256came
21.6%
68shall
21.6%
101end
21.3%
67path
21.2%
135many
20.9%
174only
20.9%
199great
20.8%
126thought
20.6%
106must
20.4%
256very
19.8%
77find
19.8%
134away
19.5%
179which
19.5%
92most
19.5%
166little
19.4%
94mountains
19.4%
153even
19.1%
143well
19%
103other
18.8%
76first
18.5%
168last
17.4%
111much
16.5%
93without
16.4%
154goblins
15.7%
65also
15.7%
65above
15.6%
81yet
15.6%
81fell
15.2%
94heard
15.2%
98found
15.1%
84eyes
15.1%
127made
15%
82once
14.8%
76people
14.7%
84head
14.3%
78nothing
14%
70days
13.7%
62help
13.1%
64something
12.5%
64upon
12%
68looked
12%
141soon
11.6%
100behind
11.2%
97things
10.9%
91side
10.5%
129while
10.4%
185still
9.6%
68Mr
9.3%
72another
9.2%
85along
8.9%
111round
8.4%
87quite
8%
96himself
7.2%
83began
5.8%
63enough
5.1%
92seemed
4.9%
66till
4.6%
66others
4.5%
81suddenly
4%
70course
3.8%
Remove Ads.
Support Sporcle.
Get the best of Sporcle when you Go Orange. This ad-free experience offers more features, more stats, and more fun while also helping to support Sporcle. Thank you for becoming a member.

You're not logged in!

Compare scores with friends on all Sporcle quizzes.
OR
Log In

Sporcle TV

Today on Sporcle TV


Watch our educational content, quiz creation guides, and fun videos on Sporcle TV.

Show Comments

Extras

Top Quizzes Today


Score Distribution

Paid Content

Your Account Isn't Verified!

In order to create a playlist on Sporcle, you need to verify the email address you used during registration. Go to your Sporcle Settings to finish the process.

Report this User

Report this user for behavior that violates our Community Guidelines.

Details: